The law of sentencing

Bibliographic Details
Main Author: Manson, Allan
Format: eBook
Language:English
Published: Toronto: Irwin Law Inc., 2001
Subjects:
Online Access:Acceso restringido

MARC

LEADER 00000nam a22000007a 4500
005 20210827001136.0
007 cr|||| ||||
008 210827s2001 ca |||||s|||| 00||0 eng d
020 |a 9781459313286 
035 |a 35265 
040 |a vLex 
090 |c 12152  |d 12152 
100 1 |a Manson, Allan 
245 1 3 |a The law of sentencing  |h [Recurso electrn̤ico] /  |c Allan Manson 
256 |a Servicio en ln̕ea 
260 |a Toronto:  |b Irwin Law Inc.,  |c 2001 
300 |a 1 recurso electrn̤ico 
500 |a The Law of Sentencing by Allan Manson is intended to provide a summary of the legal principles and rules that shape the current process of sentencing in Canada. The book will appeal to seasoned practitioners and law students alike. Following a discussion of the historical and philosophical context in which sentencing occurs, the book then examines the decision-making methodology, particularly the relevant rules and principles that the judiciary applies when sentencing offenders. It explains the structure and procedure of the sentence hearing and provides a detailed account of all available sentencing options. Separate attention is paid to the specific issues of sentencing in homicide cases, and preventative detention. Finally it examines the appeal process and the role of appellate courts. The book includes a postscript on the Supreme Court of Canada decision in R v. Latimer. 
506 1 |a Disponible solo en los productos indicados  |d vLex Global  |d vLex Global (Academic Edition, excluding Law Schools)  |d vLex Global (U.S. Academic Edition, Law Schools)  |d vLex Global (U.S. Academic Edition, excluding Law Schools)  |d vLex Global (Academic Edition, Law Schools) 
650 0 4 |a Derecho Penal  |z Canad̀ 
740 0 |a vLex Libros (Servicio en ln̕ea) 
856 4 0 |u https://app.vlex.com/#/sources/35265  |z Acceso restringido 
942 |c BOOK 
999 0 |a Criminal law